000
00316nam a22001457a 4500
008
230418b ||||| |||| 00| 0 eng d
020
_a
9780471183440
041
_a
eng
080
_a
610.73
082
_a
610.73CAP
100
_a
5
101
_a
MJEKSI
245
_a
DUE CONSIDERATION
_c
CAPLAN.A
942
_2
udc
_c
BK
999
_c
59585
_d
59585